000 00437nam a22001817a 4500
999 _c6259
_d6257
005 20210826105702.0
008 200518b xxu||||| |||| 00| 0 eng d
020 _a9798189747335
041 _aeng
082 _a615 THA
100 _aTHAKURTA RABIN GUHA
_96690
245 _aPharmaceutical manufacturing
250 _a2'nd
260 _aDelhi
_bBirla Publication
_c2019
300 _a204, x
650 _aPharmacy
_96691
942 _cBK